Lecciones de Antigüedades romanas.
Gespeichert in:
| Format: | keine Angabe |
|---|---|
| Sprache: | Spanisch |
| Erschienen: |
Sevilla
Imp. Mariano Caro
1827
|
| Katalog: | MANES: Suchergebnis im Bibliothekskatalog |
| Schulbuchspezifische Eigenschaften: |
|
| Tags: |
Tag hinzufügen
Keine Tags, Fügen Sie den ersten Tag hinzu!
|
| Hinzugefügt zu: | 26.04.2016 |
| Geändert in: | 07.05.2025 |
MARC
| LEADER | 000000000a22000000004500 | ||
|---|---|---|---|
| 001 | 11632 | ||
| 003 | OSt | ||
| 005 | 20250507134326.0 | ||
| 008 | 160427s sp ||||| |||| 00| 0 spa d | ||
| 040 | |c centro_manes | ||
| 041 | 1 | |a spa | |
| 561 | |5 es-BUNED |3 LT 0753 |a España. Fondo Manes UNED |k MANES | ||
| 691 | 0 | |a SE | |
| 245 | 0 | 0 | |a Lecciones de Antigüedades romanas. |
| 260 | 3 | |a Sevilla |b Imp. Mariano Caro |c 1827 | |
| 300 | |a 114 p. |c 15,5 x 10 cm | ||
| 690 | 0 | |a HI | |
| 942 | |2 ddc |c BK | ||
| 546 | |a España | ||
| 999 | |c 17606 |d 17606 | ||
| 999 | |c manes:17606 |d 17606 | ||